Developmental movement experiences for children /

Bibliographic Details
Main Author: Gallahue, David L.
Format: Book
Language:English
Published: New York : Wiley, [1982]
Subjects:

MARC

Tag First Indicator Second Indicator Subfields
LEADER 00000pam a2200000 a 4500
001 in00000095395
005 20150923173505.0
008 810917s1982 nyua b 00110 eng
010 |a  81016424  
020 |a 0471087785 
035 |a (OCoLC)07837243 
035 |9 AAK8036AM 
039 0 |a 2  |b 3  |c 3  |d 3  |e 3 
040 |a DLC  |c DLC  |d TXA  |d UtOrBLW 
049 |a TXAM  |c [985980] 
050 0 0 |a GV452  |b  G34 1982 
082 0 |a 372.8/6  |2 19 
100 1 |a Gallahue, David L. 
245 1 0 |a Developmental movement experiences for children /  |c David L. Gallahue. 
264 1 |a New York :  |b Wiley,  |c [1982] 
264 4 |c ©1982 
300 |a xv, 397 pages :  |b illustrations ;  |c 24 cm. 
336 |a text  |b txt  |2 rdacontent 
337 |a unmediated  |b n  |2 rdamedia 
338 |a volume  |b nc  |2 rdacarrier 
504 |a Includes bibliographies and index. 
650 0 |a Movement education. 
650 0 |a Motor ability in children. 
999 |a MARS 
999 f f |s 8adcf045-4951-33ee-84b4-98850c7fa132  |i faa38ed0-2867-3fc1-a789-27adc74a8bd6  |t 0 
952 f f |p ric  |a Texas A&M University  |b Rellis Campus  |c Joint Library Facility  |d Remote Storage  |t 0  |e GV452 .G34 1982  |h Library of Congress classification  |i unmediated -- volume  |m A14806026784 
998 f f |a GV452 .G34 1982  |t 0  |l Remote Storage